Change is possible : stories of women and minorities in mathematics

Αποθηκεύτηκε σε:
Λεπτομέρειες βιβλιογραφικής εγγραφής
Κύριος συγγραφέας: Kenschaft, Patricia C.
Μορφή: Βιβλίο
Γλώσσα:English
Δημοσίευση: Providence, RI : American Mathematical Society, c2005
Θέματα:
Ετικέτες: Προσθήκη ετικέτας
Δεν υπάρχουν, Καταχωρήστε ετικέτα πρώτοι!

MARC

LEADER 00000nam a2200000 i 4500
001 1/67471
008 071213s2005 eng d
020 |a 0-8218-3748-6 
035 |l 10093061 
040 |a GR-MY-UA  |b gre  |e aacr 
041 0 |a eng 
082 0 |a 510.82  |2 (22) 
100 1 |a Kenschaft, Patricia C. 
245 1 0 |a Change is possible :  |b stories of women and minorities in mathematics /  |c Patricia Clark Kenschaft 
260 |a Providence, RI :   |b American Mathematical Society,   |c c2005 
300 |a ix, 212 σ.;  |b εικ.;  |c 26 εκ. 
504 |a Περιέχει βιβλιογραφικές παραπομπές 
600 1 0 |a Kenschaft Patricia C. 
650 0 0 |a Mathematics  |x Vocational guidance  |z United States  |x History  |y 20th century. 
650 0 0 |a Women in mathematics  |z United States  |x History  |y 20th century. 
650 0 0 |a Minorities in mathematics  |z United States  |x History  |y 20th century. 
650 0 0 |a Mathematicians  |z United States  |x History  |y 20th century. 
852 |a INST  |b SAMOS  |e 20071213  |h 510.82 KEN  |p 005300027427  |q 005300027427  |t BK  |y 0 
901 |a BIBL3-2007-3 
909 |a Σ  |b 140406 
922 |a 3ΕΛΗ  |b 200711  |c ΕΠΕΑΕΚ2/ΤΜΗΜΑ ΜΑΘΗΜΑΤΙΚΩΝ  |d ΕΛΕΥΘΕΡΟΥΔΑΚΗΣ 
970 |a ΡΟΥΣΣΟΥ  |b ΚΩΝΣΤΑΝΤΙΝΑ  |z 2007/12/13